Ripios y adivinanzas del mar /

Guardado en:
Autor Principal: Paso, Fernando del
Otros Autores: Farr, Jonathan; il.
Formato: Libro
Publicado: Buenos Aires : Fondo de Cultura Económica, 2013
Series:Los Especiales de A la orilla del viento
Materias:
Etiquetas: Agregar Etiqueta
Sin Etiquetas, Sea el primero en etiquetar este registro!
LEADER 01097nam a22003015a 4500
001 CEM.cems015387
008 130507s2013##################000#0#####d
005 20250604172005.0
245 1 0 |a Ripios y adivinanzas del mar /  |c Fernando Del Paso ; ilustrado Por Jonathan Farr 
260 |a Buenos Aires :  |b Fondo de Cultura Económica,  |c 2013 
300 |a 36 p. 
490 0 |a Los Especiales de A la orilla del viento 
020 |a 9789505579471 
100 1 |a Paso, Fernando del 
700 1 |a Farr, Jonathan; il. 
082 0 4 |a M861.4 
653 |a Literatura 
653 |a Literatura mejicana 
653 |a Literatura infantil 
653 |a Poesía 
653 |a Poesía infantil 
653 |a Ripios 
653 |a Adivinanzas 
653 |a Colección ciencias de la educación 
859 |a CEMS  |b BIB. CEMS - Inicial y Primaria  |h M861.4  |i P264  |k IP  |p 3887  |t Ej.1 
859 |a CEMS  |b BIB. CEMS - Ccias. Educacion  |h M861.4  |i P264  |k CE  |p 28747.19  |t Ej.1 
859 |a CEMS  |b BIB. CEMS - Inicial y Primaria  |h M861.4  |i P264  |k IP  |p 5358  |t Ej.2 
859 |a CEMS  |b BIB. CEMS - Ccias. Educacion  |h M861.4  |i P264  |k CE  |p 28748.19  |t Ej.2